[Event "SR 3. liga A2 2015/2016"]
[Site "?"]
[Date "2016.04.10"]
[Round "11.4"]
[White "Vepy, Ivan"]
[Black "Manak, Jozef"]
[Result "0-1"]
[WhiteElo "1931"]
[BlackElo "1986"]
[PlyCount "90"]
[EventDate "2016.??.??"]

1. e4 c5 2. Nf3 d6 3. Nc3 Nf6 4. d3 Nc6 5. Be2 g6 6. O-O Bg7 7. h3 O-O 8. Bd2
d5 9. exd5 Nxd5 10. Nxd5 Qxd5 11. Qc1 Rd8 12. Re1 b6 13. Bc3 Bb7 14. Bxg7 Kxg7
15. Bf1 e5 16. a3 Re8 17. Qg5 f6 18. Qg3 Nd4 19. Nxd4 cxd4 20. f4 exf4 21. Qxf4
Re5 22. Rxe5 Qxe5 23. Qxe5 fxe5 24. Re1 Re8 25. Kf2 Kf6 26. g3 Ke6 27. Bg2 Rf8+
28. Kg1 Bxg2 29. Kxg2 Kd5 30. Re2 b5 31. c3 dxc3 32. bxc3 Rc8 33. Rc2 e4 34.
dxe4+ Kxe4 35. Re2+ Kd3 36. Re7 a5 37. Ra7 a4 38. Rxh7 Kxc3 39. Rh4 Rc5 40. Rh6
Kb3 41. Rxg6 Kxa3 42. h4 b4 43. h5 b3 44. h6 b2 45. Rb6 Ka2 0-1

[Event "SR 3. liga A2 2015/2016"]
[Site "?"]
[Date "2016.04.10"]
[Round "11.4"]
[White "Mihalik, Anton"]
[Black "Lukacova, Veronika"]
[Result "0-1"]
[WhiteElo "1950"]
[BlackElo "1904"]
[PlyCount "74"]
[EventDate "2016.??.??"]

1. c4 f5 2. Nc3 Nf6 3. g3 g6 4. Bg2 Bg7 5. d3 O-O 6. e4 d6 7. Nge2 Na6 8. Rb1
c6 9. b4 Nc7 10. O-O fxe4 11. dxe4 Bg4 12. Qb3 Be6 13. Nf4 Bf7 14. Nd3 b5 15.
Nb2 Nd7 16. Rd1 Ne5 17. Bf1 a5 18. bxa5 Nf3+ 19. Kg2 Nd4 20. Qa3 Nce6 21. Ne2
Rxa5 22. Qe3 Nc2 23. Qd2 Na3 24. Ra1 Bxb2 25. Qxb2 Nxc4 26. Qc3 Nc5 27. Bh6 e5
28. Bxf8 Qxf8 29. f3 Ra3 30. Qc1 Nd3 31. Rxd3 Rxd3 32. Nc3 Rd2+ 33. Kg1 Qh6 34.
Bg2 Qe3+ 35. Kh1 Qd4 36. Nd1 Qd3 37. Kg1 Qe2 0-1

[Event "SR 3. liga A2 2015/2016"]
[Site "?"]
[Date "2016.04.10"]
[Round "11.4"]
[White "Harastova, Viera"]
[Black "Curidlo, Jan"]
[Result "0-1"]
[WhiteElo "1871"]
[BlackElo "1896"]
[PlyCount "92"]
[EventDate "2016.??.??"]

1. d4 Nf6 2. c4 e6 3. Nc3 d5 4. Bg5 Be7 5. e3 c6 6. Nf3 Nbd7 7. Bd3 h6 8. Bh4
a6 9. O-O O-O 10. Rc1 Re8 11. a3 dxc4 12. Bxc4 b5 13. Ba2 Bb7 14. Bb1 Nf8 15.
Ne4 Nxe4 16. Bxe7 Rxe7 17. Bxe4 Rc8 18. Ne5 Rec7 19. Qf3 Qe8 20. Qg3 Qe7 21.
Rc5 Nd7 22. Nxd7 Qxd7 23. Rfc1 Kf8 24. d5 exd5 25. Bxd5 Qe7 26. Bb3 Rd7 27. Rf5
Qe8 28. Qg6 Kg8 29. Rh5 Kh8 30. Qf5 Rcd8 31. Bc2 Qg8 32. Qe5 f6 33. Qf4 Qf7 34.
Rc5 Qe7 35. Qf5 g5 36. h3 Bc8 37. Kh2 Rd5 38. Qg6 Rxc5 39. Qxh6+ Kg8 40. Bb3+
Be6 41. Qg6+ Kf8 42. Qh6+ Ke8 43. Rxc5 Qxc5 44. Qh8+ Ke7 45. Qg7+ Kd6 46. Qxf6
Qe5+ 0-1

[Event "SR 3. liga A2 2015/2016"]
[Site "?"]
[Date "2016.04.10"]
[Round "11.4"]
[White "Slaby, Jozef"]
[Black "Pekar, Tibor"]
[Result "0-1"]
[WhiteElo "1776"]
[BlackElo "1961"]
[PlyCount "74"]
[EventDate "2016.??.??"]

1. Nf3 Nf6 2. c4 c5 3. g3 Nc6 4. Bg2 e6 5. O-O Be7 6. d3 O-O 7. Nc3 d6 8. a3 a6
9. Rb1 Rb8 10. Qc2 a5 11. Nb5 e5 12. b3 Nh5 13. e3 f5 14. Nc3 Nf6 15. Nd5 Nxd5
16. cxd5 Na7 17. a4 Bd7 18. Nd2 Nc8 19. Nc4 b6 20. Bb2 Bf6 21. Rbd1 Qe8 22. Ba3
Qh5 23. d4 f4 24. exf4 exf4 25. gxf4 Bxd4 26. Rxd4 cxd4 27. Nxd6 Nxd6 28. Bxd6
Rbc8 29. Qd3 Rf6 30. Be5 Rg6 31. f3 Bf5 32. Qxd4 Rc2 33. Rf2 Rc1+ 34. Rf1 Qxf3
35. Qf2 Rxf1+ 36. Qxf1 Qxb3 37. d6 Bh3 0-1

[Event "SR 3. liga A2 2015/2016"]
[Site "?"]
[Date "2016.04.10"]
[Round "11.4"]
[White "Hrubsa, Marian"]
[Black "Slaba, Andrea"]
[Result "1/2-1/2"]
[WhiteElo "1828"]
[BlackElo "1773"]
[PlyCount "179"]
[EventDate "2016.??.??"]

1. e4 e6 2. d4 d5 3. Nd2 Nf6 4. e5 Nfd7 5. Bd3 c5 6. c3 Nc6 7. Ne2 Be7 8. O-O
O-O 9. f4 f6 10. Nf3 cxd4 11. cxd4 f5 12. Be3 Nb6 13. Rc1 Nb4 14. Bb1 Nc4 15.
Qb3 Nxe3 16. Qxe3 Bd7 17. a3 Nc6 18. Kh1 Na5 19. Nd2 b5 20. Rf3 Nc4 21. Nxc4
bxc4 22. Rh3 g6 23. g4 fxg4 24. Rg3 Rf7 25. Rxg4 Rg7 26. Rcg1 Bf8 27. Qg3 Qe7
28. Qf2 Rb8 29. Nc3 Bc6 30. Qc2 Qb7 31. Nd1 Bxa3 32. R4g2 Bf8 33. h4 Qb3 34.
Qf2 Qb7 35. Qc2 Qb3 36. Qf2 Be8 37. Bc2 Qb7 38. Bb1 Qe7 39. Ne3 Qd8 40. Ng4 Rb3
41. Rh2 Be7 42. h5 g5 43. f5 exf5 44. Qxf5 Rb6 45. e6 Kh8 46. Rf1 Qd6 47. h6
Rg6 48. Ne5 Qxe6 49. Nxg6+ Bxg6 50. Qxe6 Rxe6 51. Rhf2 Kg8 52. Bxg6 Rxg6 53.
Rf5 Rxh6+ 54. Kg2 Rd6 55. Rf7 Re6 56. R7f5 Rb6 57. R1f2 Rb5 58. Re5 Rb7 59.
Rxd5 Kg7 60. Rdf5 Bd8 61. Rc5 Rb4 62. Rc2 Bb6 63. R5xc4 Rxc4 64. Rxc4 Kf6 65.
Kf3 Kf5 66. Ke3 h5 67. Rc8 h4 68. Rf8+ Kg4 69. Ke4 h3 70. Rh8 Kg3 71. Rc8 h2
72. Rc3+ Kg2 73. Rc2+ Kh3 74. Rc3+ Kh4 75. Rc1 g4 76. Rh1 g3 77. Kf3 Bxd4 78.
Rd1 Bg1 79. Kg2 Bf2 80. Rd3 Kg4 81. Rd2 h1=Q+ 82. Kxh1 Kh3 83. Rd3 Kg4 84. Kg2
Kf4 85. Rd7 Ke3 86. b4 Ke2 87. b5 Ke1 88. Rd5 Ke2 89. Rd7 Ke1 90. Rd5 1/2-1/2

[Event "SR 3. liga A2 2015/2016"]
[Site "?"]
[Date "2016.04.10"]
[Round "11.4"]
[White "Skodacek, Peter"]
[Black "Planka, Peter"]
[Result "0-1"]
[WhiteElo "1276"]
[BlackElo "1786"]
[PlyCount "70"]
[EventDate "2016.??.??"]

1. d4 Nf6 2. c4 e6 3. Nf3 b6 4. g3 Bb7 5. Bg2 Be7 6. O-O O-O 7. Nc3 c5 8. Ne5
Bxg2 9. Kxg2 d6 10. Nf3 d5 11. cxd5 exd5 12. dxc5 bxc5 13. Bg5 d4 14. Bxf6 Bxf6
15. Ne4 Be7 16. Qa4 Qd5 17. Ned2 Nd7 18. Kg1 Nb6 19. Qb5 Rab8 20. b3 Rfe8 21.
Rfe1 Bf6 22. Rac1 Rec8 23. Qd3 a5 24. Nc4 a4 25. Nxb6 Rxb6 26. Rc4 axb3 27.
axb3 Rcb8 28. Rb1 Rb4 29. Rxb4 Rxb4 30. Nd2 Be7 31. Qa6 g6 32. Qc8+ Kg7 33. Nc4
Qe4 34. Rb2 d3 35. Qd7 dxe2 0-1

[Event "SR 3. liga A2 2015/2016"]
[Site "?"]
[Date "2016.04.10"]
[Round "11.5"]
[White "Kavon, Rastislav"]
[Black "Kucharek, Jaroslav"]
[Result "1-0"]
[WhiteElo "2254"]
[BlackElo "2072"]
[PlyCount "87"]
[EventDate "2016.??.??"]

1. e4 e5 2. Nf3 Nc6 3. Bb5 g6 4. O-O Bg7 5. c3 d5 6. d4 dxe4 7. Bxc6+ bxc6 8.
Nxe5 Bxe5 9. dxe5 Qxd1 10. Rxd1 f5 11. exf6 Nxf6 12. Be3 a5 13. Nd2 Kf7 14. Bd4
Re8 15. Re1 Bf5 16. h3 h5 17. Bxf6 Kxf6 18. Rad1 Rad8 19. Nc4 a4 20. Na5 c5 21.
a3 h4 22. Nb7 Rb8 23. Nxc5 Rxb2 24. Rd4 Re5 25. Nxe4+ Bxe4 26. Rdxe4 Rxe4 27.
Rxe4 Rb1+ 28. Kh2 Rb3 29. Rxa4 Rxc3 30. Rxh4 Rxa3 31. Rc4 Ra2 32. Rc6+ Kg5 33.
Kg3 Ra3+ 34. f3 Ra7 35. Rc5+ Kf6 36. Kg4 Ke6 37. Kg5 Kd6 38. Rc2 c5 39. Kxg6
Kd5 40. f4 Kd4 41. f5 c4 42. f6 Kd3 43. Rxc4 Kxc4 44. f7 1-0

[Event "SR 3. liga A2 2015/2016"]
[Site "?"]
[Date "2016.04.10"]
[Round "11.5"]
[White "Hirmajer, Jan"]
[Black "Bango, Lukas"]
[Result "0-1"]
[WhiteElo "1934"]
[BlackElo "2100"]
[PlyCount "70"]
[EventDate "2016.??.??"]

1. Nf3 d6 2. g3 g6 3. Bg2 Bg7 4. O-O e5 5. d3 f5 6. c3 Nf6 7. Qb3 Qe7 8. Na3 c6
9. Bg5 Be6 10. Qc2 O-O 11. d4 e4 12. Nd2 d5 13. f3 Nbd7 14. fxe4 fxe4 15. c4 h6
16. cxd5 cxd5 17. Bxf6 Nxf6 18. Nb3 Ng4 19. Nb5 Rxf1+ 20. Bxf1 Rc8 21. Nc3 Qf6
22. e3 Nxe3 23. Qd2 Nf5 24. Rd1 h5 25. Bg2 Bh6 26. Qe2 h4 27. Rf1 hxg3 28. hxg3
Qg7 29. Bh3 Re8 30. Qb5 Be3+ 31. Kg2 Qf7 32. Bxf5 gxf5 33. Nc5 f4 34. N5xe4
dxe4 35. Qg5+ Qg7 0-1

[Event "SR 3. liga A2 2015/2016"]
[Site "?"]
[Date "2016.04.10"]
[Round "11.5"]
[White "Lopatievov, Alexander"]
[Black "Miciak, Emanuel"]
[Result "0-1"]
[WhiteElo "1861"]
[BlackElo "1816"]
[PlyCount "188"]
[EventDate "2016.??.??"]

1. b4 e5 2. Bb2 e4 3. c4 c6 4. c5 d5 5. cxd6 Qxd6 6. a3 Nf6 7. Nc3 Be7 8. Qc2
Bf5 9. e3 O-O 10. Nge2 Nbd7 11. Ng3 Bg6 12. Ncxe4 Nxe4 13. Nxe4 Qd5 14. d3 Rac8
15. Nc3 Qg5 16. Qd2 c5 17. b5 Rfd8 18. f4 Qh6 19. O-O-O Nb6 20. Qf2 f5 21. Be2
Bf7 22. g4 fxg4 23. Bxg4 Rc7 24. Kc2 c4 25. Bf5 cxd3+ 26. Rxd3 Rxd3 27. Bxd3
Qe6 28. Kb1 Bxa3 29. Bxh7+ Kxh7 30. Qh4+ Qh6 31. Qxh6+ Kxh6 32. e4 Bxb2 33.
Kxb2 Kg6 34. Ra1 Nc8 35. Rd1 Kf6 36. Rg1 g6 37. Rg5 Nb6 38. e5+ Ke7 39. Ne4
Nc4+ 40. Ka1 b6 41. h4 Rd7 42. Rg1 Rd4 43. Re1 Na3 44. Kb2 Nxb5 45. Re3 Rb4+
46. Kc1 a5 47. h5 gxh5 48. f5 Nd4 49. f6+ Kf8 50. Ng5 Rc4+ 51. Kd1 Ne6 52. Ne4
h4 53. Nd6 Rd4+ 54. Ke1 Bh5 55. Rb3 Rb4 56. Rc3 Rb1+ 57. Kf2 Rb2+ 58. Kg1 Rb1+
59. Kf2 Rb2+ 60. Kg1 Kg8 61. Rc8+ Kh7 62. f7 Bxf7 63. Nxf7 Kg6 64. Nd6 Re2 65.
Rg8+ Kh5 66. Nf7 h3 67. Kf1 Rb2 68. Nd6 h2 69. Rh8+ Kg4 70. Nc4 Ra2 71. Ne3+
Kf4 72. Ng2+ Kxe5 73. Rxh2 Nf4 74. Rh6 Nxg2 75. Rxb6 Kd4 76. Rc6 Ne3+ 77. Ke1
Nc4 78. Rc8 a4 79. Rh8 Kc3 80. Rh3+ Kb4 81. Kd1 Rg2 82. Kc1 Rg1+ 83. Kc2 Rg2+
84. Kb1 Rb2+ 85. Ka1 Rd2 86. Rf3 Re2 87. Rf8 a3 88. Rb8+ Kc3 89. Rb7 Na5 90.
Rc7+ Kb3 91. Rc1 Nc4 92. Rh1 Ra2+ 93. Kb1 Nd2+ 94. Kc1 Ra1+ 0-1

[Event "SR 3. liga A2 2015/2016"]
[Site "?"]
[Date "2016.04.10"]
[Round "11.5"]
[White "Podjavorinsky, Michal"]
[Black "Bango, Dominik"]
[Result "1/2-1/2"]
[WhiteElo "1948"]
[BlackElo "1732"]
[PlyCount "125"]
[EventDate "2016.??.??"]

1. e4 e5 2. Nf3 Nc6 3. Bb5 Nf6 4. O-O Be7 5. Re1 d6 6. h3 O-O 7. c3 a6 8. Ba4
b5 9. Bc2 Bb7 10. d4 Re8 11. Nbd2 Bf8 12. d5 Nb8 13. Nf1 Nbd7 14. Ng3 g6 15.
Bg5 h6 16. Be3 Bg7 17. a4 Bf8 18. Qe2 c6 19. dxc6 Bxc6 20. axb5 Bxb5 21. Bd3
Bxd3 22. Qxd3 a5 23. Qd2 Kh7 24. Ra4 Qc7 25. Rea1 Qb7 26. Rxa5 Rxa5 27. Rxa5
Nxe4 28. Nxe4 Qxe4 29. Ra7 Qf5 30. Qd5 Rd8 31. b4 Kh8 32. b5 Rb8 33. Kh2 Kg8
34. c4 Nb6 35. Bxb6 Rxb6 36. Rb7 Rxb7 37. Qxb7 e4 38. Ne1 Qxf2 39. Qxe4 d5 40.
Qe5 dxc4 41. Nf3 Qc5 42. Qxc5 Bxc5 43. Kg3 c3 44. Ne1 Kg7 45. Kf3 Kf6 46. Ke4
Bb6 47. Kd3 Kf5 48. Nf3 Kf4 49. Kxc3 f6 50. Kd3 Kg3 51. Ke4 Kxg2 52. Nh4+ Kxh3
53. Nxg6 Kg4 54. Ne7 h5 55. Nd5 Bd8 56. b6 f5+ 57. Ke3 f4+ 58. Kf2 Bh4+ 59. Kf1
f3 60. Ne3+ Kg5 61. Ng2 Bg3 62. Ne1 Kg4 63. b7 1/2-1/2

[Event "SR 3. liga A2 2015/2016"]
[Site "?"]
[Date "2016.04.10"]
[Round "11.5"]
[White "Dobis, Pavol"]
[Black "Lanyi, Frantisek"]
[Result "1/2-1/2"]
[WhiteElo "1610"]
[BlackElo "1674"]
[PlyCount "81"]
[EventDate "2016.??.??"]

1. d4 d5 2. c4 e6 3. e3 Nf6 4. Nc3 Bb4 5. Bd2 O-O 6. Nf3 Nc6 7. a3 Be7 8. cxd5
exd5 9. Bd3 a6 10. O-O Bg4 11. h3 Bh5 12. Be2 Bd6 13. Rc1 Ne7 14. Ne5 Bxe2 15.
Qxe2 Bxe5 16. dxe5 Nd7 17. f4 c6 18. Qg4 Nc5 19. Rc2 f5 20. Qe2 Ng6 21. Na2 Ne4
22. Be1 Qb6 23. Nc3 Rad8 24. Nxe4 dxe4 25. Bb4 Rfe8 26. Rd1 Rxd1+ 27. Qxd1
Qxe3+ 28. Rf2 Qd3 29. Rd2 Qe3+ 30. Kh1 Qb6 31. Rd7 Nxf4 32. Qb3+ Nd5 33. Qg3 g6
34. Qh4 h5 35. Qg5 c5 36. Qh6 Ne7 37. Rd6 Qc7 38. Ba5 Qxa5 39. Rxg6+ Nxg6 40.
Qxg6+ Kf8 41. Qf6+ 1/2-1/2

[Event "SR 3. liga A2 2015/2016"]
[Site "?"]
[Date "2016.04.10"]
[Round "11.5"]
[White "Smrek, Peter"]
[Black "Vagovic, Milan"]
[Result "1-0"]
[WhiteElo "1807"]
[BlackElo "1631"]
[PlyCount "47"]
[EventDate "2016.??.??"]

1. c4 c5 2. g3 e6 3. Bg2 Nf6 4. Nc3 Nc6 5. e3 a6 6. Nge2 Rb8 7. d4 cxd4 8. exd4
d5 9. cxd5 exd5 10. O-O Be7 11. Bf4 Bd6 12. Nxd5 O-O 13. Bg5 Be7 14. Nxe7+ Qxe7
15. d5 Ne5 16. Re1 Qd8 17. Bxf6 gxf6 18. Nf4 Qb6 19. Qh5 Bg4 20. Qh6 Rfe8 21.
h3 Be2 22. Nxe2 Qxb2 23. Nf4 f5 24. Nh5 1-0

[Event "SR 3. liga A2 2015/2016"]
[Site "?"]
[Date "2016.04.10"]
[Round "11.5"]
[White "Rau, Vladimir"]
[Black "Lajda, Dusan"]
[Result "1-0"]
[WhiteElo "1561"]
[BlackElo "1851"]
[PlyCount "55"]
[EventDate "2016.??.??"]

1. d4 d5 2. c4 e6 3. Nc3 c6 4. Nf3 Nf6 5. e3 Nbd7 6. Be2 dxc4 7. Bxc4 b5 8. Bd3
a6 9. Bd2 c5 10. O-O Bb7 11. b3 Be7 12. Qe2 O-O 13. Rfd1 Rc8 14. h3 cxd4 15.
Nxd4 Nc5 16. Bc2 Nfe4 17. Bxe4 Nxe4 18. Nxe4 Bxe4 19. Bc1 Qb6 20. Bb2 e5 21.
Nf3 f6 22. Rac1 Rxc1 23. Rxc1 Rd8 24. Nd2 Bd3 25. Qf3 Bb4 26. Ne4 Qb7 27. Nxf6+
gxf6 28. Qxb7 1-0

[Event "SR 3. liga A2 2015/2016"]
[Site "?"]
[Date "2016.04.10"]
[Round "11.5"]
[White "Krchnak, Rudolf"]
[Black "Demcenko, Vladimir"]
[Result "1-0"]
[WhiteElo "1728"]
[BlackElo "1000"]
[PlyCount "73"]
[EventDate "2016.??.??"]

1. d4 e6 2. Nc3 Bb4 3. a3 Be7 4. Nf3 Nf6 5. e4 d6 6. Bd3 h6 7. O-O c6 8. Ne2
Qc7 9. c4 e5 10. d5 Bg4 11. Nc3 Nbd7 12. Be2 Nc5 13. Nd2 h5 14. b4 Ncd7 15. f3
a5 16. Nb3 axb4 17. axb4 Rxa1 18. Nxa1 Qb6+ 19. Kh1 Qxb4 20. Bd2 Qb6 21. fxg4
hxg4 22. Bxg4 Nc5 23. Bf3 Nd3 24. Qe2 Nc5 25. Rb1 Qd8 26. Nb3 Nfd7 27. Nxc5
Nxc5 28. Be3 Qa5 29. Qc2 Qd8 30. Bxc5 dxc5 31. Rxb7 Bd6 32. Ne2 Qh4 33. h3 f5
34. dxc6 Qe1+ 35. Ng1 Rh4 36. c7 Kd7 37. Qa4+ 1-0

[Event "SR 3. liga A2 2015/2016"]
[Site "?"]
[Date "2016.04.10"]
[Round "11.6"]
[White "Travnicek, Petr"]
[Black "Banas, Jan"]
[Result "0-1"]
[WhiteElo "2083"]
[BlackElo "2253"]
[PlyCount "70"]
[EventDate "2016.??.??"]

1. d4 Nf6 2. c4 g6 3. Nc3 d5 4. cxd5 Nxd5 5. Na4 Bg7 6. e4 Nb6 7. Be3 O-O 8.
Nf3 Nxa4 9. Qxa4 Nd7 10. Rd1 c6 11. Be2 Nb6 12. Qa3 Bg4 13. O-O Bxf3 14. gxf3
e6 15. Kh1 Qc7 16. Qc5 Rfd8 17. Rg1 Rd7 18. f4 Rad8 19. h4 Na4 20. Qc2 Nb6 21.
h5 Bxd4 22. hxg6 hxg6 23. f5 Bxe3 24. fxe3 Rxd1 25. Bxd1 Qe7 26. Qh2 exf5 27.
Bc2 Kg7 28. Qg3 fxe4 29. Qg4 Rh8+ 30. Kg2 Nd5 31. Kf2 Rh2+ 32. Rg2 Rxg2+ 33.
Qxg2 Qf6+ 34. Ke2 Qxb2 35. Qxe4 Nc3+ 0-1

[Event "SR 3. liga A2 2015/2016"]
[Site "?"]
[Date "2016.04.10"]
[Round "11.6"]
[White "Kovacocy, Pavel"]
[Black "Veselsky, Jozef"]
[Result "1-0"]
[WhiteElo "2209"]
[BlackElo "2091"]
[PlyCount "81"]
[EventDate "2016.??.??"]

1. e4 c5 2. d3 g6 3. g3 Bg7 4. Bg2 Nc6 5. f4 d6 6. Nf3 Nf6 7. O-O O-O 8. c3 Rb8
9. h3 Qc7 10. Be3 b5 11. a3 c4 12. Nd4 Na5 13. b4 cxb3 14. Nxb3 Nxb3 15. Qxb3
Be6 16. Qb2 a5 17. g4 Bc8 18. Qf2 Nd7 19. Ra2 Nc5 20. d4 Na4 21. Rc2 Nb6 22.
Nd2 Nc4 23. Nxc4 bxc4 24. Rb2 Rb3 25. Rxb3 cxb3 26. a4 Bd7 27. Qb2 Bxa4 28. Qa3
Qd7 29. Ra1 Rb8 30. Bc1 Bc6 31. d5 Bxc3 32. dxc6 Qa7+ 33. Kh2 Qd4 34. c7 Rc8
35. Qxb3 Bxa1 36. Qb7 Qf2 37. Qxc8+ Kg7 38. Qa6 Bd4 39. Qf1 Qc2 40. Bd2 a4 41.
Qc1 1-0

[Event "SR 3. liga A2 2015/2016"]
[Site "?"]
[Date "2016.04.10"]
[Round "11.6"]
[White "Pribila, Gerhard"]
[Black "Sarmir, Milos"]
[Result "1-0"]
[WhiteElo "2112"]
[BlackElo "2053"]
[PlyCount "111"]
[EventDate "2016.??.??"]

1. e4 e5 2. Nf3 Nc6 3. d4 exd4 4. Nxd4 Bc5 5. Nb3 Bb6 6. Nc3 d6 7. Qe2 Be6 8.
Be3 Bxe3 9. Qxe3 Nf6 10. h3 a6 11. O-O-O Qe7 12. g4 O-O-O 13. Bg2 Kb8 14. Rhe1
Nd7 15. f4 Nb6 16. Nd4 Nxd4 17. Qxd4 f6 18. Qb4 Bc8 19. Bf1 Qf7 20. a4 Ka7 21.
a5 Na8 22. Bc4 Be6 23. Bd5 Bxd5 24. exd5 h5 25. Qd4+ Kb8 26. f5 Qd7 27. Re6
hxg4 28. hxg4 Rhe8 29. Rde1 c5 30. dxc6 Qxc6 31. Rxe8 Rxe8 32. Rxe8+ Qxe8 33.
Qxd6+ Nc7 34. Kb1 Kc8 35. Qc5 Qe5 36. Qxe5 fxe5 37. Kc1 Ne8 38. Kd2 Kd7 39. Kd3
Nf6 40. g5 Nh7 41. Ne4 Kc6 42. f6 g6 43. b4 b6 44. axb6 Kxb6 45. f7 Kc6 46. Nf6
Nf8 47. Ke4 Kd6 48. Ne8+ Ke7 49. Nc7 Kxf7 50. Kxe5 Ke7 51. c4 Nh7 52. Kf4 a5
53. bxa5 Kd7 54. Ne6 Kc6 55. Ke5 Kb7 56. Kd6 1-0

[Event "SR 3. liga A2 2015/2016"]
[Site "?"]
[Date "2016.04.10"]
[Round "11.6"]
[White "Hornak, Pavol"]
[Black "Ambros, Rafael"]
[Result "1/2-1/2"]
[WhiteElo "1785"]
[BlackElo "1986"]
[PlyCount "46"]
[EventDate "2016.??.??"]

1. d4 Nf6 2. c4 c5 3. e3 g6 4. Nf3 Bg7 5. Nc3 b6 6. g3 Bb7 7. Bg2 O-O 8. O-O
cxd4 9. exd4 Na6 10. Re1 d6 11. Bg5 h6 12. Bf4 Nc7 13. d5 Qd7 14. Nd4 Ba6 15.
Bf1 Rfe8 16. Rc1 Nh5 17. Be3 Bb7 18. Qd2 Kh7 19. Be2 Nf6 20. Bf3 Ng4 21. Bf4
Ne5 22. Be2 Ba6 23. b3 Bb7 1/2-1/2

[Event "SR 3. liga A2 2015/2016"]
[Site "?"]
[Date "2016.04.10"]
[Round "11.6"]
[White "Pribila, Michal"]
[Black "Vlkovic, Pavol"]
[Result "1-0"]
[WhiteElo "2082"]
[BlackElo "1781"]
[PlyCount "71"]
[EventDate "2016.??.??"]

1. e4 Nf6 2. e5 Nd5 3. d4 d6 4. c4 Nb6 5. Nf3 dxe5 6. Nxe5 Bf5 7. Nc3 Bg6 8.
Be3 N8d7 9. Nxg6 hxg6 10. Qf3 c6 11. c5 Nc8 12. Bc4 Nf6 13. O-O-O e6 14. Bg5
Be7 15. h4 a6 16. g4 Na7 17. a4 Nd5 18. Ne4 Nc8 19. Kb1 b5 20. Bb3 Ra7 21. Bxe7
Qxe7 22. g5 Qc7 23. Rde1 Qf4 24. Nd6+ Nxd6 25. Bxd5 Qxf3 26. Bxf3 Nf5 27. Bxc6+
Kd8 28. axb5 axb5 29. Bxb5 Kc7 30. Re4 Rha8 31. Kc2 Rb8 32. Bc4 Rb4 33. Kc3
Rab7 34. b3 Rb8 35. Ra1 R4b7 36. d5 1-0

[Event "SR 3. liga A2 2015/2016"]
[Site "?"]
[Date "2016.04.10"]
[Round "11.6"]
[White "Kavuljak, Alojz"]
[Black "Kubis, Ivan"]
[Result "1/2-1/2"]
[WhiteElo "1693"]
[BlackElo "1953"]
[PlyCount "80"]
[EventDate "2016.??.??"]

1. e4 e5 2. Nf3 Nc6 3. d4 exd4 4. Nxd4 Nf6 5. Nxc6 bxc6 6. Bd3 d5 7. exd5 cxd5
8. O-O Be7 9. Nd2 O-O 10. h3 c5 11. c4 d4 12. Nf3 h6 13. Qc2 Bb7 14. Nh2 Bd6
15. Re1 Qc7 16. Nf1 Rfe8 17. Bd2 a5 18. a3 Bc6 19. Rab1 a4 20. Rxe8+ Rxe8 21.
Re1 Rb8 22. Rb1 Rb3 23. Be1 Rxd3 24. Qxd3 Be4 25. Qd1 Bxb1 26. Qxb1 Qe7 27. Qd1
Qe5 28. Ba5 Qe8 29. b4 axb3 30. Qxb3 Qe2 31. Ng3 Bxg3 32. fxg3 d3 33. Qb8+ Kh7
34. Qd6 Qe3+ 35. Kh2 Ne4 36. Qe5 g6 37. Bc3 f6 38. Qe7+ Kg8 39. Qe8+ Kg7 40.
Qe7+ Kg8 1/2-1/2

[Event "SR 3. liga A2 2015/2016"]
[Site "?"]
[Date "2016.04.10"]
[Round "11.6"]
[White "Brunovsky, Peter"]
[Black "Prigoda, Lubos"]
[Result "1/2-1/2"]
[WhiteElo "1812"]
[BlackElo "1460"]
[PlyCount "70"]
[EventDate "2016.??.??"]

1. c4 e6 2. g3 Nf6 3. Bg2 d5 4. Nf3 Be7 5. O-O O-O 6. b3 Nbd7 7. Bb2 c6 8. d4
Qc7 9. Nbd2 b6 10. Rc1 Bb7 11. Qc2 Rac8 12. h3 Qb8 13. Qb1 g6 14. Qa1 Kg7 15.
Rfd1 Rg8 16. Ne1 Kf8 17. Nd3 h5 18. e4 Nh7 19. exd5 cxd5 20. cxd5 exd5 21. Re1
Re8 22. Ne5 Nxe5 23. Rxe5 f6 24. Re3 Rg7 25. Rce1 Qd6 26. Nb1 Bc6 27. Ba3 Qd8
28. Qc3 Bxa3 29. Nxa3 Rxe3 30. Rxe3 Rc7 31. Qb4+ Kf7 32. Kh2 Ng5 33. f3 Ne6 34.
h4 Qe7 35. Qxe7+ Rxe7 1/2-1/2

[Event "SR 3. liga A2 2015/2016"]
[Site "?"]
[Date "2016.04.10"]
[Round "11.6"]
[White "Zelensky, Ivan"]
[Black "Zajicek, Ferdinand"]
[Result "0-1"]
[WhiteElo "1101"]
[BlackElo "1756"]
[PlyCount "84"]
[EventDate "2016.??.??"]

1. e4 c5 2. Bc4 Nc6 3. Nc3 d6 4. d3 Nf6 5. Bg5 e6 6. Nf3 Be7 7. d4 cxd4 8. Nxd4
Qb6 9. Bb5 Bd7 10. Be3 Qa5 11. O-O O-O 12. a3 Nxd4 13. Bxd7 Nxc2 14. b4 Nxe3
15. fxe3 Qc7 16. e5 Nxd7 17. exd6 Bxd6 18. Nb5 Bxh2+ 19. Kh1 Qc6 20. Qe2 a6 21.
Rac1 Qxb5 22. Qxb5 axb5 23. Kxh2 Rxa3 24. Rc7 Nf6 25. Rxb7 Ng4+ 26. Kg1 Nxe3
27. Rf3 Ra1+ 28. Kf2 Nd5 29. Rxb5 Rb1 30. Rb7 Rxb4 31. Ra7 Rf4 32. g3 Rxf3+ 33.
Kxf3 h5 34. Ra4 g5 35. Re4 Kg7 36. g4 h4 37. Re5 Kf6 38. Re2 Ra8 39. Rd2 Ra3+
40. Kg2 Rg3+ 41. Kf1 Rxg4 42. Rf2+ Rf4 0-1

[Event "SR 3. liga A2 2008/2009"]
[Site "?"]
[Date "2008.10.19"]
[Round "1.1"]
[White "Kovacocy, Pavel"]
[Black "Csiba, Dominik"]
[Result "0-1"]
[WhiteElo "2232"]
[BlackElo "2169"]
[PlyCount "106"]
[EventDate "2008.??.??"]

1. e4 c5 2. Nc3 d6 3. Nge2 Nf6 4. d4 cxd4 5. Nxd4 a6 6. Be2 e5 7. Nb3 Be7 8.
O-O O-O 9. Qd3 Be6 10. Nd5 Bxd5 11. exd5 Nbd7 12. c4 Qc7 13. Be3 b6 14. f3 b5
15. Rac1 bxc4 16. Qxc4 Qxc4 17. Bxc4 Bd8 18. Rfd1 Bb6 19. Bxb6 Nxb6 20. Na5
Rfc8 21. Bb3 Kf8 22. Rc3 Rxc3 23. bxc3 Rc8 24. c4 Nfd7 25. Kf2 f5 26. Rb1 g6
27. h4 Kf7 28. Ke2 Rc7 29. Nc6 Nc5 30. Kd2 Kf6 31. g3 Rg7 32. Kc3 g5 33. Bc2
gxh4 34. gxh4 Nbd7 35. Rh1 Rg3 36. Bd1 Ne4+ 37. Kc2 Rg2+ 38. Kb3 Ndc5+ 39. Kb4
Ng3 40. Rh3 f4 41. Ka5 Rxa2+ 42. Kb6 Rd2 43. Kc7 Rxd1 44. Kxd6 Nb3 45. Rh2 e4
46. fxe4 Nxe4+ 47. Kc7 f3 48. Nb4 a5 49. Nc2 Rd2 50. Rxd2 Nbxd2 51. d6 Nxd6 52.
Kxd6 Nxc4+ 53. Kd5 f2 0-1

[Event "SR 3. liga A2 2008/2009"]
[Site "?"]
[Date "2008.10.19"]
[Round "1.2"]
[White "Lesny, Stefan"]
[Black "Cechovic, Stefan"]
[Result "0-1"]
[WhiteElo "2105"]
[BlackElo "2186"]
[PlyCount "90"]
[EventDate "2008.??.??"]

1. e4 c5 2. f4 d5 3. e5 Nc6 4. c3 Nh6 5. Nf3 Qb6 6. Na3 e6 7. Nc2 Be7 8. d3 Nf5
9. Qe2 Bd7 10. Ne3 Nxe3 11. Qxe3 d4 12. Qd2 dxc3 13. bxc3 Rd8 14. Qc2 O-O 15.
Be2 Qc7 16. Rb1 Rb8 17. O-O b5 18. Be3 Rfc8 19. Nd2 b4 20. c4 a5 21. Nb3 Qa7
22. Bf3 a4 23. Nc1 Na5 24. Bd2 Bc6 25. Qd1 Rd8 26. Qe2 Qd7 27. Be1 h6 28. Qe3
Bxf3 29. Rxf3 Nc6 30. Bf2 Nd4 31. Rh3 b3 32. axb3 axb3 33. Qd2 Qa4 34. Qb2 Rd7
35. Re3 g5 36. g3 Qc6 37. Re4 f5 38. Re3 Nf3+ 39. Kf1 Nxh2+ 40. Ke2 Qg2 41.
Nxb3 Rdb7 42. d4 Ng4 43. Rf3 Nxf2 44. Rxf2 Qe4+ 45. Kf1 Qd3+ 0-1

[Event "SR 3. liga A2 2008/2009"]
[Site "?"]
[Date "2008.10.19"]
[Round "1.3"]
[White "Liptak, Tomas"]
[Black "Kolesar, Rastislav"]
[Result "1/2-1/2"]
[WhiteElo "2021"]
[BlackElo "1978"]
[PlyCount "95"]
[EventDate "2008.??.??"]

1. e4 c6 2. d4 d5 3. e5 c5 4. dxc5 Nc6 5. Bb5 e6 6. b4 Bd7 7. Bxc6 Bxc6 8. c3
b6 9. cxb6 d4 10. Nf3 dxc3 11. Qb3 Qxb6 12. Ba3 a5 13. b5 Bxa3 14. Nxa3 Bxf3
15. gxf3 Qc5 16. Nc4 Ke7 17. Rc1 Nh6 18. Rxc3 Rhc8 19. O-O Qb4 20. Rfc1 Nf5 21.
b6 Rab8 22. Nd6 Rxc3 23. Qxc3 Qxc3 24. Nxf5+ exf5 25. Rxc3 Rxb6 26. Rc7+ Ke6
27. Ra7 Rb5 28. f4 h6 29. Kg2 g5 30. Ra6+ Kd5 31. Rxh6 gxf4 32. Ra6 Kxe5 33. h4
Ke4 34. Ra8 f3+ 35. Kg3 f4+ 36. Kg4 f5+ 37. Kg5 Rb2 38. Re8+ Kd4 39. Kxf4 Rxf2
40. a3 Rh2 41. Rd8+ Kc4 42. Kg3 Ra2 43. h5 Rxa3 44. h6 f2+ 45. Kxf2 Rh3 46. Rh8
Kb3 47. h7 Ka2 48. Ra8 1/2-1/2

[Event "SR 3. liga A2 2008/2009"]
[Site "?"]
[Date "2008.10.19"]
[Round "1.4"]
[White "Ujhelyi, Matus"]
[Black "Sarmír, Milos"]
[Result "1/2-1/2"]
[WhiteElo "1926"]
[BlackElo "2086"]
[PlyCount "62"]
[EventDate "2008.??.??"]

1. e4 e5 2. Nf3 Nc6 3. Bb5 a6 4. Ba4 Nf6 5. O-O Be7 6. Re1 b5 7. Bb3 d6 8. c3
O-O 9. h3 Na5 10. Bc2 c5 11. d4 Qc7 12. Nbd2 Bd7 13. d5 b4 14. c4 Nb7 15. Nf1
Rfb8 16. Ng3 a5 17. Bg5 Qd8 18. Qd2 Ne8 19. Be3 Bf8 20. Nh2 Qe7 21. Bg5 f6 22.
Be3 Nd8 23. Nf5 Qf7 24. g4 Kh8 25. Kh1 g6 26. Ng3 Qe7 27. Qe2 Nf7 28. Kg2 Bh6
29. Rh1 Ng7 30. Rag1 Rf8 31. Kf1 Bxe3 1/2-1/2